Inventario de emisiones (Registro nro. 17537)

Detalles MARC
000 -CABECERA
Campo de control 01357nam a22003737a 4500
005 - FECHA Y HORA DE LA ULTIMA TRANSACCION
Campo de control 20180803170133.0
008 - ELEMENTOS DE LONGITUD FIJA—INFORMACION GENERAL
Campo de control 150708b2014 ck ||||| ||||l00| 0 spa d
040 ## - FUENTE DE CATALOGACIÓN
Agencia catalogadora original CO-BoIAVH
Agencia transcriptora CO-BoIAVH
041 0# - IDIOMA
Código de idioma para texto/pista de sonido o título separado Español
044 ## - PAÍS DE PUBLICACIÓN
País de publicación Colombia
082 #4 - NUMERO DE CLASIFICACION DECIMAL DEWEY
Número de clasificación 363.73874
Número del ítem R69i
100 1# - ASIENTO PRINCIPAL--NOMBRE PERSONAL
Nombre personal Rodríguez Vargas, Mariela
Término relacionado Autora Coordinadora
9 (RLIN) 35341
245 1# - MENCION DE TITULO
Título Inventario de emisiones
Parte restante del título Gases efecto invernadero Bogotá D.C. Línea Base
260 3# - PUBLICACION, DISTRIBUCION, ETC. (PIE DE IMPRENTA)
Lugar de publicación, distribución, etc. Bogotá:
Nombre del editor, distribuidor, etc. Secretaría distrital de ambiente,
Fecha de publicación, distribución, etc. 2014.
300 ## - DESCRIPCION FISICA
Extensión 72 p.
Otros detalles físicos tab., il., graf.
Dimensiones 28 cn.
504 ## - NOTA DE BIBLIOGRAFIA, ETC.
Nota de bibliografía Incluye bibliografía.
650 #4 - ASIENTO SECUNDARIO DE MATERIA - TERMINO TEMATICO
Término temático o nombre geográfico como elemento de entrada Gases de invernadero
Subdivisión de forma Estadísticas
Subdivisión geográfica Bogotá, Colombia
9 (RLIN) 35342
650 #4 - ASIENTO SECUNDARIO DE MATERIA - TERMINO TEMATICO
Término temático o nombre geográfico como elemento de entrada Cambio climático
9 (RLIN) 98479
650 #4 - ASIENTO SECUNDARIO DE MATERIA - TERMINO TEMATICO
Término temático o nombre geográfico como elemento de entrada Emisión de gases
9 (RLIN) 3877
651 #4 - ASIENTO SECUNDARIO DE MATERIA - NOMBRE GEOGRAFICO
Nombre geográfico Colombia
Subdivisión geográfica Bogotá
9 (RLIN) 35344
700 1# - ASIENTO SECUNDARIO - NOMBRE PERSONAL
Nombre personal Acosta, Adriana
9 (RLIN) 35345
700 1# - ASIENTO SECUNDARIO - NOMBRE PERSONAL
Nombre personal Colmenares, Sergio Andrés
9 (RLIN) 35346
700 1# - ASIENTO SECUNDARIO - NOMBRE PERSONAL
Nombre personal Chaparro Ortiz, Rafael Arturo
9 (RLIN) 35347
700 1# - ASIENTO SECUNDARIO - NOMBRE PERSONAL
Nombre personal Fuquen, Katerine Andrea
9 (RLIN) 35348
700 1# - ASIENTO SECUNDARIO - NOMBRE PERSONAL
Nombre personal García Vidales, Rafael Arturo
9 (RLIN) 35349
700 1# - ASIENTO SECUNDARIO - NOMBRE PERSONAL
Nombre personal Hernández Restrepo, Rosember
9 (RLIN) 35350
700 1# - ASIENTO SECUNDARIO - NOMBRE PERSONAL
Nombre personal Pulído Guío, Ana Dely
9 (RLIN) 35351
700 1# - ASIENTO SECUNDARIO - NOMBRE PERSONAL
Nombre personal Robinsson, Keidy
9 (RLIN) 35352
700 1# - ASIENTO SECUNDARIO - NOMBRE PERSONAL
Nombre personal Tinoco, Liliana
9 (RLIN) 35353
700 1# - ASIENTO SECUNDARIO - NOMBRE PERSONAL
Nombre personal Vargas Ramírez, Angélica Marcela
9 (RLIN) 35354
700 1# - ASIENTO SECUNDARIO - NOMBRE PERSONAL
Nombre personal Wanumen, Andrea
9 (RLIN) 35355
700 1# - ASIENTO SECUNDARIO - NOMBRE PERSONAL
Nombre personal Romero Tobón, Ernesto
9 (RLIN) 35356
942 ## - ELEMENTOS ADICIONALES (KOHA)
Sistema de clasificación Dewey Decimal Classification
Tipo de ítem Libro
Existencias
Withdrawn status Lost status Sistema de Clasificación Damaged status No para préstamo Colección Inventariado Ubicación Permanente Ubicación actual Fecha de adquisición Fuente de Valor Valor Total Checkouts Número topográfico Inventario / Código de Barras Date last seen Ejemplar Price effective from Forma de adquisición Tipo de material
    Dewey Decimal Classification     General Inventariado 2017 Bogotá Bogotá 08/07/2015 Instituto 39000.00   LB-363.73874 R69i 038916 08/07/2015 Ej. 1 08/07/2015 Canje Libro
    Dewey Decimal Classification     Hemeroteca Inventariado 2017 Sala Fabio Quevedo Sala Fabio Quevedo 08/07/2015 Instituto 39000.00   LB-363.73874 R69i 038917 08/07/2015 Ej. 1 08/07/2015 Canje Libro